| 000 | 00776nam a2200217 i 4500 | ||
|---|---|---|---|
| 001 | 136917 | ||
| 003 | ES-MaACL | ||
| 005 | 20230906195248.0 | ||
| 007 | t| | ||
| 008 | 070214m19711972sp |||| | spa d | ||
| 100 | 1 |
_aSaint-Antonin, Claude. _9101509 |
|
| 245 | 1 | 3 |
_aEl servicio de organización e informática en la empresa / _cClaude Saint-Antonin ; prefacio de Antoine Ribaud ; traducción de Eduardo Buzzanca Cañellas. |
| 250 | _a1ª ed. | ||
| 260 |
_aBarcelona : _bEditores Técnicos Asociados, _c1971-1972. |
||
| 300 |
_a2 v. ; _c25 cm. |
||
| 505 | 8 |
_aContiene: 1 ; _tOrganización - 2 ; _tInformática |
|
| 650 | 0 | 4 |
_aInformática. _913758 |
| 700 | 1 |
_aRibaud, Antoine. _996737 |
|
| 700 | 1 |
_aBuzzanca Cañellas, Eduardo. _933000 |
|
| 852 |
_aES-MaACL _jC-54227-28 |
||
| 999 |
_c136917 _d136917 |
||